000 00616nam a2200193Ia 4500
999 _c3648
_d3648
003 GBCCL
005 20241126110459.0
008 171130b xxu||||| |||| 00| 0 eng d
040 _cgbc
082 _aVER 224.207
_bLUA
100 _aLUAICHINTHANG
_97248
245 _aJawlnei Jeremia Laibu: Bung 41-52 leh Jeremia Kahlate: Bung 1-5 /
_cLuaichinthang
260 _bEvangelical Baptist Convention,
_aNew Lamka:
_c2006
300 _a181p.;
_c20 cm.
440 _aSaptuam' Laisiangthou Hilhchetna
_97247
650 _aBible
_vOld Testament
_xCommentary
_97176
650 _aSunday School
_vAdult
_97246
942 _2ddc
_cBK
_02